| 000 | 00435 a2200157 4500 | ||
|---|---|---|---|
| 003 | OSt | ||
| 005 | 20231109121402.0 | ||
| 008 | 231109b |||||||| |||| 00| 0 eng d | ||
| 020 | _a9789392455124 | ||
| 040 | _coclc | ||
| 082 |
_a894.8121 _bTHA/D |
||
| 245 |
_aDiaspora / _bEditor Dr. Ummer Tharamel |
||
| 260 |
_aKerala: _bGrace, _c2023. |
||
| 300 | _a218p | ||
| 942 |
_2ddc _cBK _h894.8121 _iTHA/D _k894.8121 _mTHA/D |
||
| 999 |
_c42991 _d42991 |
||